Taylor Swift - Paroles Getaway Car - Statistiques

Statistiques générales
  • Ce quiz a été pris 442 fois
  • Le résultat moyen est 385 sur 499
Statistiques - réponses
Hint Réponse % Correct
a
100%
I
100%
get
99%
the
99%
The
99%
getaway
98%
you
98%
Chorus You
98%
in
97%
In
97%
me
97%
Oh
96%
and
95%
And
95%
time
95%
was
94%
we
93%
We
93%
car
92%
where
92%
Verse 1 | Verse 2 It
90%
it
90%
were
90%
we're
90%
Intro No
88%
no
88%
be
86%
to
86%
drivin'
84%
Chorus Drivin'
84%
ever
84%
of
84%
never
83%
But
82%
but
82%
first
82%
getaway car
82%
saw
82%
nothin'
81%
last
80%
bar
79%
keys
79%
my
79%
That
79%
He
78%
he
78%
met
78%
stole
78%
money
77%
motel
77%
Bonnie
76%
far
76%
it's
76%
It's
76%
side
76%
bag
74%
best
74%
Clyde
74%
good
74%
Think
74%
your
74%
place
73%
win
73%
worst
73%
left
72%
about
71%
I'm
71%
other
71%
didn't
70%
starts
70%
see
69%
flyin'
68%
mystery
68%
Don't
67%
us
67%
times
66%
crimes
65%
heart
65%
pretend
65%
apart
64%
fell
64%
such
64%
leave
63%
Put
63%
'Cause
62%
mean
62%
Until
62%
shot
61%
knew
58%
jet-set
57%
reason
57%
traitors
57%
well
57%
from
56%
needed
56%
surprise
56%
turned
56%
him
55%
Ridin'
55%
ridin'
55%
we'd
54%
Pre-Chorus "X"
54%
cursed
53%
lyin'
53%
myself
52%
white
52%
beat
51%
black
50%
had
50%
switched
50%
wanted
50%
dark
49%
marks
49%
mind
49%
spot
49%
There
49%
I'd
48%
just
48%
Old
48%
break
47%
escape
47%
great
47%
light
47%
on
47%
prison
47%
sorry
45%
love
44%
sirens
44%
both
43%
known
43%
screamin'
43%
shotgun
43%
cryin'
42%
drinkin'
42%
dyin'
42%
lies
42%
blew
41%
Fashioned
41%
"Go go go"
41%
gray
41%
poisoned
41%
Should've
41%
they
41%
for
40%
honey
39%
now
39%
shades
39%
story
39%
match
38%
ties
38%
candlelight
37%
like
37%
thinkin'
37%
three
37%
face
34%
goodbye
34%
Said
34%
sideshow
34%
hit
33%
himself
31%
struck
30%
weren't
30%
freedom
29%
after
28%
ain't
28%
circus
28%
every
28%
man
27%
runnin'
27%
with
22%
While'
16%
Aucun quiz correspondant
Distribution des résultats
% des personnes avec chaque résultat
Percentile par nombre de réponses
Votre historique - résultats
Vous n’avez pas pris ce quiz